Teoría organizacional: diseño y cambio en las organizaciones (Registro nro. 3748)
[ vista simple ]
| 000 -CABECERA | |
|---|---|
| campo de control de longitud fija | 00972aam a2200325 4500 |
| 005 - FECHA Y HORA DE ACTUALIZACIÓN | |
| campo de control | 20181003141451.0 |
| 008 - LONGITUD FIJA | |
| campo de control de longitud fija | 150306b xxu||||| |||| 00| 0 spa d |
| 020 ## - INTERNATIONAL STANDARD BOOK NUMBER | |
| Número Internacional Estándar del Libro | 9786073221177 |
| 041 ## - IDIOMA | |
| Código de idioma del texto/pista de sonido o título separado | |
| 082 ## - CLASIFICACIÓN DECIMAL DEWEY | |
| Número de clasificación | 658.1 J77t7 |
| 100 ## - AUTOR PERSONAL | |
| Nombre de persona | Jones, Gareth |
| 245 ## - TÍTULO PROPIAMENTE DICHO | |
| Título | Teoría organizacional: diseño y cambio en las organizaciones |
| 250 ## - EDICIÓN | |
| Mención de edición | 7 edición |
| 260 ## - PIE DE IMPRENTA | |
| Lugar de publicación, distribución, etc. | México |
| 260 ## - PIE DE IMPRENTA | |
| Nombre del editor, distribuidor, etc. | Pearson Educación |
| 260 ## - PIE DE IMPRENTA | |
| Fecha de publicación, distribución, etc. | 2013 |
| 300 ## - DESCRIPCIÓN FÍSICA | |
| Extensión | 512 páginas |
| 650 ## - Materia General | |
| Materia general | ORGANIZACION |
| 650 ## - Materia General | |
| Materia general | ADMINISTRACION DE EMPRESAS |
| 650 ## - Materia General | |
| Materia general | MEDIO AMBIENTE |
| 650 ## - Materia General | |
| Materia general | INNOVACION TECNOLOGICA |
| 650 ## - Materia General | |
| Materia general | DISEÑO ORGANIZACIONAL |
| 650 ## - Materia General | |
| Materia general | ESTRUCTURA ORGANIZACIONAL |
| 650 ## - Materia General | |
| Materia general | ADMINISTRACION DE CONFLICTOS |
| 650 ## - Materia General | |
| Materia general | TRASFORMACIONES ORGANIZACIONALES |
| 650 ## - Materia General | |
| Materia general | COMPETENCIAS |
| 650 ## - Materia General | |
| Materia general | CULTURA ORGANIZACIONAL |
| 650 ## - Materia General | |
| Materia general | CAMBIO ORGANIZACIONAL |
| 942 ## - Punto de Acceso Adicional Koha | |
| Tipo de ítem Koha | Libro |
| Estado perdido | Estado dañado | No para préstamo | Biblioteca permanente | Biblioteca actual | Signatura completa | Código de barras | Tipo de ítem | Precio efectivo a partir del |
|---|---|---|---|---|---|---|---|---|
| Departamento de Biblioteca y Documentación Alfonso Chase Brenes | Departamento de Biblioteca y Documentación Alfonso Chase Brenes | 658.1 J77t7 | 18971 | Libro | ||||
| Departamento de Biblioteca y Documentación Alfonso Chase Brenes | Departamento de Biblioteca y Documentación Alfonso Chase Brenes | 658.1 J77t7 | 21405 | Libro | 16/09/2016 | |||
| Departamento de Biblioteca y Documentación Alfonso Chase Brenes | Departamento de Biblioteca y Documentación Alfonso Chase Brenes | 658.1 J77t7 | 21406 | Libro | 16/09/2016 | |||
| Departamento de Biblioteca y Documentación Alfonso Chase Brenes | Departamento de Biblioteca y Documentación Alfonso Chase Brenes | 658.1 J77t7 | 23614 | Libro | 03/10/2018 | |||
| Departamento de Biblioteca y Documentación Alfonso Chase Brenes | Departamento de Biblioteca y Documentación Alfonso Chase Brenes | 658.1 J77t7 | 23615 | Libro | 03/10/2018 |